000 00650nam a2200205Ia 4500
005 20230113104632.0
008 131103s9999 xx 000 0 und d
040 _aLoreto College
041 _aEnglish
082 _a814.52
_bAIK
100 _aAiken,Conrad
245 _aCollected criticism
_b formerly a reviewer's ABC
_cConrad Aiken; introduced by Rufus A.Blanshard; with a preface by I.A.Richards
260 _aLondon
_bOxford University Press
_c1968
300 _a414 p.
504 _aIncludes bibliographical references and index
650 _aAmerican Essay - History
700 _aBlanshard,Rufus A.
850 _aLCLIB
942 _cBK
999 _c12127
_d62606